Welcome to the Holygrace Academy Library

Please use search bar below to get started

TOXIN (Record no. 2359)

MARC details
000 -LEADER
fixed length control field 00513nam a22001337a 4500
082 ## - DEWEY DECIMAL CLASSIFICATION NUMBER
Classification number 823
Item number COO/T
100 ## - MAIN ENTRY--AUTHOR NAME
Personal name COOK, ROBIN
245 ## - TITLE STATEMENT
Title TOXIN
260 ## - PUBLICATION, DISTRIBUTION, ETC. (IMPRINT)
Place of publication LONDON
Name of publisher PAN BOOKS
Year of publication 2001
300 ## - PHYSICAL DESCRIPTION
Number of Pages 436
520 ## - SUMMARY, ETC.
Summary, etc Toxin is a 1998 suspense thriller written by Robin Cook. It tells the story of a doctor whose daughter is infected with E. coli and his investigation into how she contracted it and his battle to save her life and discover the source of her illness.
650 ## - SUBJECT ADDED ENTRY--TOPICAL TERM
Topical Term NOVEL, ENGLISH
Geographic subdivision LONDON
942 ## - ADDED ENTRY ELEMENTS (KOHA)
Koha item type Books
Holdings
Withdrawn status Lost status Collection code Home library Current library Shelving location Date acquired Source of acquisition Full call number Accession Number Koha item type
    Fiction Main Library Main Library SHELF-2-D ENGLIAH NOVELS FOR TEACHERS 05/01/2010 PURCHASE 823 COO/T 04905 Books